| 000 | 01816cam a22004094i 4500 | ||
|---|---|---|---|
| 003 | PE-LiUPU | ||
| 005 | 20251010105333.0 | ||
| 008 | 2005s2020 mx ||||| |||| 000 0 spa d | ||
| 020 |
_a9786071514639 _q(pasta blanda) |
||
| 035 | _aPE-LiUPU000020 | ||
| 040 |
_aPE-LiUPU _bspa _cPE-LiUPU _erda |
||
| 041 | 0 |
_aspa _heng |
|
| 082 | 0 | 4 |
_a519.5 _bS755e _223 |
| 100 |
_aSpiegel, Murray R., _d1923-1991, _eautor. _97140 |
||
| 245 | 1 | 0 |
_aEstadística / _cpor Murray R. Spiegel y Larry J. Stephens. |
| 250 | _aSexta edición. | ||
| 264 | 1 |
_aCiudad de México : _bMcGraw-Hill Interamericana Editores, _c2020. |
|
| 300 |
_a579 páginas aproximadamente : _bilustraciones, gráficos ; _c26 cm. |
||
| 336 |
_atexto _2rdacontent |
||
| 337 |
_asin mediación _2rdamedia |
||
| 338 |
_avolumen _2rdacarrier |
||
| 490 | 1 | _aSerie Schaum | |
| 500 | _aTraducción de: *Schaum’s outline of statistics*, 6th ed. | ||
| 504 | _aIncluye ejercicios resueltos, problemas propuestos, y videos en línea. | ||
| 520 | _aGuía de estadística matemática que cubre desde conceptos básicos hasta análisis de varianza y control estadístico de procesos. Incluye 508 problemas resueltos, teoría explicada paso a paso, ejercicios y videos. | ||
| 650 | 0 |
_aEstadística matemática _91317 |
|
| 650 | 0 |
_aProbabilidad. _97141 |
|
| 650 | 0 |
_aMétodos cuantitativos. _97142 |
|
| 700 |
_aStephens, Larry J., _eautor. _97143 |
||
| 700 |
_aMurrieta Murrieta, Jesús Elmer, _etraductor. _97144 |
||
| 700 |
_aMeza Alcántara, David, _erevisor. _97145 |
||
| 830 | 0 | _aSerie Schaum. | |
| 856 | 4 | 0 |
_uhttps://www.mheducation.com.mx _zSitio web de la editorial. |
| 942 |
_2ddc _cBK |
||
| 980 |
_621515 _aROMINA COBOS Adquisiciones _818226 _gJaime Vilcazán Jefe de Análisis Documental |
||
| 999 |
_c63105 _d63104 |
||